Economic Growth The New Perspectives for Theory and Policy /

This book shows that the existing theories on economic growth have clear limitations in terms of how much they can effectively contribute to actual economic growth. Therefore, this book presents a more effective theory on economic growth for countries and leaders looking to promote economic growth....

Πλήρης περιγραφή

Λεπτομέρειες βιβλιογραφικής εγγραφής
Κύριοι συγγραφείς: Kim, Tai-Yoo (Συγγραφέας), Heshmati, Almas (Συγγραφέας)
Συγγραφή απο Οργανισμό/Αρχή: SpringerLink (Online service)
Μορφή: Ηλεκτρονική πηγή Ηλ. βιβλίο
Γλώσσα:English
Έκδοση: Berlin, Heidelberg : Springer Berlin Heidelberg : Imprint: Springer, 2014.
Θέματα:
Διαθέσιμο Online:Full Text via HEAL-Link
LEADER 03160nam a22004575i 4500
001 978-3-642-40826-7
003 DE-He213
005 20151204162143.0
007 cr nn 008mamaa
008 131129s2014 gw | s |||| 0|eng d
020 |a 9783642408267  |9 978-3-642-40826-7 
024 7 |a 10.1007/978-3-642-40826-7  |2 doi 
040 |d GrThAP 
050 4 |a HD72-88 
072 7 |a KCG  |2 bicssc 
072 7 |a BUS068000  |2 bisacsh 
082 0 4 |a 338.9  |2 23 
100 1 |a Kim, Tai-Yoo.  |e author. 
245 1 0 |a Economic Growth  |h [electronic resource] :  |b The New Perspectives for Theory and Policy /  |c by Tai-Yoo Kim, Almas Heshmati. 
264 1 |a Berlin, Heidelberg :  |b Springer Berlin Heidelberg :  |b Imprint: Springer,  |c 2014. 
300 |a XXII, 323 p. 82 illus., 33 illus. in color.  |b online resource. 
336 |a text  |b txt  |2 rdacontent 
337 |a computer  |b c  |2 rdamedia 
338 |a online resource  |b cr  |2 rdacarrier 
347 |a text file  |b PDF  |2 rda 
505 0 |a Preface -- Introduction to and Summary of Economic Growth: Perspectives on New Theory and Policy -- Decelerating Agricultural Society: Theoretical and Historical Perspectives -- Accelerating Economic Growth in Industrial Societies: The Process of Expansive Reproduction -- Determinants of Economic Divergence among Accelerating Societies -- The Faster-Accelerating Digital Economy -- The Faster Accelerating Growth of the Knowledge-Based Society -- The Catch-Up Illusion: Why Developing Nations that Experience Rapid Economic Growth Can Never Catch Up with Advanced Countries -- War, Peace and Economic Growth: The Phoenix Factor Reexamined -- The Relationship Among Stock Markets, Banks, Economic Growth, and Industry Development -- The Necessity of a New Industrial Classification Based on Value-Creation Behavior -- Biography of the Authors. 
520 |a This book shows that the existing theories on economic growth have clear limitations in terms of how much they can effectively contribute to actual economic growth. Therefore, this book presents a more effective theory on economic growth for countries and leaders looking to promote economic growth. It is essentially centered around the theory of economic growth and theory of national development, written for agricultural developing countries pursuing industrialization and late-starting industrialized countries pursuing their own development. Nevertheless, it also makes a significant contribution to the very development of human civilization through the growth of developing countries, late-starting industrialized countries and early industrialized countries throughout the world. 
650 0 |a Economic policy. 
650 0 |a Economic growth. 
650 0 |a Social sciences. 
650 1 4 |a Economics. 
650 2 4 |a Economic Growth. 
650 2 4 |a Social Sciences, general. 
650 2 4 |a Economic Policy. 
700 1 |a Heshmati, Almas.  |e author. 
710 2 |a SpringerLink (Online service) 
773 0 |t Springer eBooks 
776 0 8 |i Printed edition:  |z 9783642408250 
856 4 0 |u http://dx.doi.org/10.1007/978-3-642-40826-7  |z Full Text via HEAL-Link 
912 |a ZDB-2-SBE 
950 |a Business and Economics (Springer-11643)